Statistics for Wrestlemania 30 Andre The Giant Memorial Battle Royal Participants

Click here to take the quiz!

General Stats

  • This quiz has been taken 119 times
  • The average score is 16 of 31

Answer Stats

EOWrestler% Correct
30Big Show
97%
WCesaro
93%
12The Miz
73%
29Sheamus
70%
26Kofi Kingston
67%
18Big E
65%
10Mark Henry
62%
14Xavier Woods
62%
27Dolph Ziggler
59%
5Zack Ryder
57%
24Cody Rhodes
52%
20R-Truth
52%
9Heath Slater
51%
28Alberto Del Rio
50%
23Goldust
50%
25Rey Mysterio
50%
8Jinder Mahal
48%
21Sin Cara
47%
11Titus O'Neil
47%
19Fandango
45%
4The Great Khali
45%
15Damien Sandow
44%
6Darren Young
42%
7Drew McIntyre
42%
16Justin Gabriel
38%
13Santino Marella
36%
3Brodus Clay
31%
22Tyson Kidd
31%
2Brad Maddox
29%
1Yoshi Tatsu
29%
17David Otunga
24%

Score Distribution

Percentile by Number Answered

Percent of People with Each Score

Your Score History

You have not taken this quiz